<?xml version="1.0" encoding="UTF-8"?>
<record
    xmlns:xsi="http://www.w3.org/2001/XMLSchema-instance"
    xsi:schemaLocation="http://www.loc.gov/MARC21/slim http://www.loc.gov/standards/marcxml/schema/MARC21slim.xsd"
    xmlns="http://www.loc.gov/MARC21/slim">

  <leader>00774nam a2200253Ia 4500</leader>
  <controlfield tag="003">AR-BeUNQ</controlfield>
  <controlfield tag="005">20230928160336.0</controlfield>
  <controlfield tag="008">230905s2004    ag            00||f spa|d</controlfield>
  <datafield tag="020" ind1=" " ind2=" ">
    <subfield code="a">9500306050</subfield>
  </datafield>
  <datafield tag="040" ind1=" " ind2=" ">
    <subfield code="a">AR-BeUNQ</subfield>
    <subfield code="b">spa</subfield>
    <subfield code="e">aacr</subfield>
    <subfield code="c">AR-BeUNQ</subfield>
    <subfield code="d">AR-BeUNQ</subfield>
  </datafield>
  <datafield tag="082" ind1=" " ind2=" ">
    <subfield code="a">Ar 863</subfield>
    <subfield code="2">21</subfield>
  </datafield>
  <datafield tag="100" ind1="1" ind2=" ">
    <subfield code="a">Arlt, Roberto</subfield>
    <subfield code="d">1900-1942</subfield>
  </datafield>
  <datafield tag="245" ind1="1" ind2="3">
    <subfield code="a">El juguete rabioso /</subfield>
    <subfield code="c">Roberto Arlt.</subfield>
  </datafield>
  <datafield tag="250" ind1=" " ind2=" ">
    <subfield code="a">1a ed.</subfield>
  </datafield>
  <datafield tag="260" ind1=" " ind2=" ">
    <subfield code="a">Ciudad Aut&#xF3;noma de Buenos Aires :</subfield>
    <subfield code="b">Losada, </subfield>
    <subfield code="c">2004</subfield>
  </datafield>
  <datafield tag="300" ind1=" " ind2=" ">
    <subfield code="a">189 p. ; </subfield>
    <subfield code="c">18  cm.</subfield>
  </datafield>
  <datafield tag="490" ind1=" " ind2=" ">
    <subfield code="a">Cl&#xE1;sicos Losada ;</subfield>
    <subfield code="v">31</subfield>
  </datafield>
  <datafield tag="546" ind1=" " ind2=" ">
    <subfield code="a">Espa&#xF1;ol</subfield>
  </datafield>
  <datafield tag="650" ind1=" " ind2=" ">
    <subfield code="a">Literatura argentina</subfield>
    <subfield code="2">tell</subfield>
  </datafield>
  <datafield tag="650" ind1=" " ind2=" ">
    <subfield code="a">Novelas</subfield>
    <subfield code="2">tell</subfield>
  </datafield>
  <datafield tag="830" ind1=" " ind2=" ">
    <subfield code="a">Cl&#xE1;sicos Losada ;</subfield>
    <subfield code="v">31</subfield>
  </datafield>
  <datafield tag="929" ind1=" " ind2=" ">
    <subfield code="b">Ministerio de Educaci&#xF3;n de la Naci&#xF3;n</subfield>
    <subfield code="e">2019</subfield>
    <subfield code="j">59705</subfield>
    <subfield code="f">PAT0080491</subfield>
    <subfield code="h">1</subfield>
    <subfield code="a">DONACION</subfield>
  </datafield>
  <datafield tag="942" ind1=" " ind2=" ">
    <subfield code="c">LIB</subfield>
    <subfield code="n">0</subfield>
  </datafield>
  <datafield tag="999" ind1=" " ind2=" ">
    <subfield code="c">638</subfield>
    <subfield code="d">638</subfield>
  </datafield>
  <datafield tag="952" ind1=" " ind2=" ">
    <subfield code="0">0</subfield>
    <subfield code="1">0</subfield>
    <subfield code="a">BIBESET</subfield>
    <subfield code="b">BIBESET</subfield>
    <subfield code="d">2022-12-02</subfield>
    <subfield code="o">Ar 863 ARL</subfield>
    <subfield code="p">59705</subfield>
    <subfield code="r">2022-12-02</subfield>
    <subfield code="t">1</subfield>
    <subfield code="y">LIB</subfield>
    <subfield code="k">GS</subfield>
  </datafield>
</record>
